000 00153nam a22000857a 4500
082 _a823
100 _aREENA PURI
245 _aHANUMAN IS HUNGRY
942 _cBK
999 _c8435
_d8435